Marunninu polum thikayatha jeevitham: punathilinte vaidhyanubhavangal(മരുന്നിനുപോലും തികയാത്ത ജീവിതം : പുനത്തിലിൻറെ വൈദ്യാനുഭവങ്ങൾ) (Record no. 115357)

MARC details
000 -LEADER
fixed length control field 00431 a2200097 4500
020 ## - INTERNATIONAL STANDARD BOOK NUMBER
International Standard Book Number 9788126426805
100 ## - MAIN ENTRY--PERSONAL NAME
Personal name Punathil Kunjabdulla
245 ## - TITLE STATEMENT
Title Marunninu polum thikayatha jeevitham: punathilinte vaidhyanubhavangal(മരുന്നിനുപോലും തികയാത്ത ജീവിതം : പുനത്തിലിൻറെ വൈദ്യാനുഭവങ്ങൾ)
260 ## - PUBLICATION, DISTRIBUTION, ETC. (IMPRINT)
Name of publisher, distributor, etc D C books
Date of publication, distribution, etc 2025
942 ## - ADDED ENTRY ELEMENTS (KOHA)
Koha item type On order/under processing
Holdings
Withdrawn status Lost status Damaged status Not for loan Home library Current library Date acquired Source of acquisition Cost, normal purchase price Total Checkouts Barcode Date last seen Cost, replacement price Price effective from Koha item type
        University Library University Library 03/03/2026 275 233.35   00097439 03/03/2026 350.00 03/03/2026 On order/under processing
University Library, CUSAT